| 000 | 00523aam a2200181 4500 | ||
|---|---|---|---|
| 005 | 20231012093134.0 | ||
| 008 | 150513b2005 xxu||||| |||| 00| 0 spa d | ||
| 041 | _aESP | ||
| 082 | _a291.4 E162i | ||
| 100 |
_aEdwards Valerin, Gustavo A _938373 |
||
| 245 | _aLa inteligencia espiritual aplicada a las pruebas de la vida | ||
| 260 |
_aCosta Rica _bPalabra de vida _c2005 |
||
| 300 | _a72 páginas | ||
| 650 | _aINTELIGENIA ESPIRITUAL | ||
| 650 | _aVIDA ESPIRITUAL | ||
| 650 | _aFE | ||
| 942 |
_cLIT _2ddc |
||
| 999 |
_c5443 _d5443 |
||